| 000 | 01112nam a22001817a 4500 | ||
|---|---|---|---|
| 999 |
_c60413 _d60413 |
||
| 003 | Ge_BSU | ||
| 005 | 20230713131112.0 | ||
| 008 | 230713s2016ge xxu||||| |||| 00| 0 geo d | ||
| 041 | _ageo | ||
| 080 | _a001(479.22)(092) ა-40 | ||
| 245 |
_aაკადემიკოსი შოთა ნადირაშვილი – 90 / _cსაქართველოს მეცნიერებათა ეროვნული აკადემია |
||
| 264 |
_aთბილისი, _c2016. |
||
| 300 |
_a40 გვ.: _bილ ; _c18 სმ. |
||
| 653 | _aნადირაშვილი, შოთა, აკადემიკოსი, ფსიქოლოგი. ქართველი მეცნიერები | ||
| 653 | _aშოთა ნადირაშვილი. აკამიკოს შოთა ნადირაშვილის 90 წლისთავის იუბილის აღნიშვნა. | ||
| 711 |
_aსაქართველოს მეცნიერებათა ეროვნული აკადემია _919300 |
||
| 942 |
_2udc _cBK |
||